How to master skills for the toefl R iBT Writing Advanced / Advanced
Part 1. Integrated Writing; Part 2. Independent Writing.
Αποθηκεύτηκε σε:
| Κύριος συγγραφέας: | |
|---|---|
| Άλλοι συγγραφείς: | |
| Μορφή: | Βιβλίο |
| Γλώσσα: | English |
| Έκδοση: |
Tp. Hồ Chí Minh :
Nxb. Tổng hợp Tp. Hồ Chí Minh,
2008.
|
| Θέματα: | |
| Ετικέτες: |
Προσθήκη ετικέτας
Δεν υπάρχουν, Καταχωρήστε ετικέτα πρώτοι!
|
| Thư viện lưu trữ: | Mạng thư viện Đại học Đà Nẵng |
|---|
| LEADER | 01211nam a22003491a 4500 | ||
|---|---|---|---|
| 001 | 000034003 | ||
| 003 | 10195 | ||
| 005 | 20210709170215.0 | ||
| 008 | 151027s2008 000 eng | ||
| 020 | # | # | |c 96000đ |d 3000b |
| 040 | # | # | |a lnn |c lnn |d lnn |
| 041 | 0 | # | |a eng |
| 082 | 0 | 4 | |a 428 |b Ho-W |
| 100 | 1 | # | |a Putlack, Michael A. |
| 245 | 0 | 0 | |a How to master skills for the toefl R iBT Writing Advanced / |c Michael A. Putlack, Stephen Poirier. |n Advanced |
| 260 | # | # | |a Tp. Hồ Chí Minh : |b Nxb. Tổng hợp Tp. Hồ Chí Minh, |c 2008. |
| 300 | # | # | |a 266tr. : ; |c 28cm. |
| 520 | 3 | # | |a Part 1. Integrated Writing; Part 2. Independent Writing. |
| 650 | 0 | 4 | |a Tiếng Anh |
| 650 | 0 | 4 | |a Writing |
| 650 | 0 | 4 | |a TOEFL |
| 650 | 0 | 4 | |a Sách luyện thi |
| 700 | 1 | # | |a Poirier, Stephen |
| OWN | |a LNN | ||
| 902 | # | # | |a TKA |
| AVA | |a UDN50 |b LNN |c English |d 420.8 PU-M |e available |t Error 5001 Not defined in file expand_doc_bib_avail. |f 9 |g 0 |h N |i 0 |j AN | ||
| 999 | |a From the UDN01 | ||
| AVA | |a UDN50 |b LNN |c English |d 420.8 PU-M |e available |t Error 5001 Not defined in file expand_doc_bib_avail. |f 9 |g 0 |h N |i 0 |j AN | ||
| TYP | |a Monograph | ||
| 980 | |a Mạng thư viện Đại học Đà Nẵng | ||